[Event "TUR-chT 1st League"]
[Site "Konya"]
[Date "2022.08.24"]
[Round "4.6"]
[White "Tanriverdi, Enes"]
[Black "Karaokcu, Erkin"]
[Result "1-0"]
[WhiteElo "2399"]
[BlackElo "2286"]
[PlyCount "107"]
[EventDate "2022.08.22"]
[EventType "team-swiss"]
[EventRounds "9"]
[EventCountry "TUR"]
[SourceTitle "CBM 209 Extra"]
[Source "ChessBase"]
[SourceDate "2022.09.30"]
[SourceVersion "1"]
[SourceVersionDate "2022.09.30"]
[SourceQuality "1"]
[WhiteTeam "Bulancak Ihsaniye Genclik"]
[BlackTeam "Karsiyaka Ihtisas"]
[WhiteTeamCountry "TUR"]
[BlackTeamCountry "TUR"]

1. d4 Nf6 2. Nf3 e6 3. g3 b5 4. Bg2 Bb7 5. 0-0 Be7 6. Qd3 a6 7. c4 bxc4 8. Qxc4 0-0 9. Nc3 d5 10. Qa4 c5 11. dxc5 Bxc5 12. Bf4 Nbd7 13. Rfd1 Qb6 14. e3 Rac8 15. Rab1 h6 16. h3 g5 17. Nxg5 hxg5 18. Bxg5 Qb4 19. Qc2 Ba7 20. Qe2 Kg7 21. Qf3 Ba8 22. e4 Rxc3 23. bxc3 Qxe4 24. Qxe4 dxe4 25. Rd6 Nb8 26. Rbd1 Nh7 27. Bf4 Bd5 28. c4 Bxc4 29. Bxe4 f5 30. Bf3 Nf6 31. Rc1 Bd5 32. Bxd5 Nxd5 33. Be5+ Kf7 34. Rb1 Re8 35. Kg2 Bc5 36. Rxb8 Bxd6 37. Bxd6 Rxb8 38. Bxb8 Nb4 39. a4 Nd3 40. Bc7 Nc5 41. a5 Ne4 42. h4 Kf6 43. Kf3 Nc3 44. Bd8+ Kf7 45. Kf4 Ne4 46. f3 Nd2 47. g4 Kg6 48. h5+ Kh6 49. Bg5+ Kg7 50. Bh4 Kh6 51. Be1 Nc4 52. Bc3 Kh7 53. g5 Kg8 54. g6 1-0

[Event "TUR-chT 1st League"]
[Site "Konya"]
[Date "2022.08.23"]
[Round "2.7"]
[White "Karaokcu, Erkin"]
[Black "Oner, Oguz"]
[Result "0-1"]
[WhiteElo "2286"]
[BlackElo "2018"]
[PlyCount "101"]
[EventDate "2022.08.22"]
[EventType "team-swiss"]
[EventRounds "9"]
[EventCountry "TUR"]
[SourceTitle "CBM 209 Extra"]
[Source "ChessBase"]
[SourceDate "2022.09.30"]
[SourceVersion "1"]
[SourceVersionDate "2022.09.30"]
[SourceQuality "1"]
[WhiteTeam "Karsiyaka Ihtisas"]
[BlackTeam "Bogazici Universitesi"]
[WhiteTeamCountry "TUR"]
[BlackTeamCountry "TUR"]

1. c4 e6 2. Nf3 Nf6 3. g3 b6 4. Bg2 Bb7 5. 0-0 Be7 6. Nc3 c5 7. d4 cxd4 8. Qxd4 Nc6 9. Qf4 d6 10. Rd1 0-0 11. b3 Rc8 12. Bb2 Rc7 13. Rac1 Rd7 14. e4 Qa8 15. g4 Nb4 16. Ne1 e5 17. Qf3 h6 18. a3 Na6 19. b4 Nc7 20. Nd3 Ne6 21. Nd5 Ng5 22. Qe2 b5 23. Nxf6+ Bxf6 24. Nc5 Rdd8 25. Nxb7 Qxb7 26. cxb5 Ne6 27. Qf1 Nf4 28. Bf3 d5 29. exd5 e4 30. Bxf6 exf3 31. Bxd8 Ne2+ 32. Kh1 Nxc1 33. Rxc1 Rxd8 34. Qc4 Rxd5 35. a4 Qd7 36. Qc8+ Kh7 37. Qxd7 Rxd7 38. h3 Rd2 39. Kg1 Kg6 40. Rc7 Rd4 41. Rxa7 Rxb4 42. Kh2 Kf6 43. Kg3 Rb3 44. Ra6+ Ke5 45. b6 g5 46. Ra5+ Kd6 47. Rb5 Rxb5 48. axb5 Kd7 49. Kxf3 Kc8 50. Ke4 Kb7 51. Kf5 0-1

[Event "Belgrade Gligoric Memorial"]
[Site "Belgrade"]
[Date "2022.07.19"]
[Round "3"]
[White "Gagunashvili, Merab"]
[Black "Karaokcu, Erkin"]
[Result "1-0"]
[WhiteElo "2569"]
[BlackElo "2302"]
[PlyCount "121"]
[EventDate "2022.07.17"]
[EventType "swiss"]
[EventRounds "9"]
[EventCountry "SRB"]
[SourceTitle "CBM 209 Extra"]
[Source "ChessBase"]
[SourceDate "2022.09.30"]
[SourceVersion "1"]
[SourceVersionDate "2022.09.30"]
[SourceQuality "1"]

1. d4 Nf6 2. c4 e6 3. Nf3 b6 4. g3 Bb7 5. Bg2 Be7 6. 0-0 0-0 7. Nc3 Ne4 8. Bd2 d6 9. Qc2 Nxd2 10. Qxd2 Nd7 11. e4 e5 12. Rad1 Re8 13. b3 Bf8 14. Rfe1 g6 15. dxe5 Nxe5 16. Nd4 Bg7 17. f4 Nc6 18. Nc2 a6 19. Nd5 Ne7 20. Nxe7+ Qxe7 21. e5 Bxg2 22. exd6 Qxd6 23. Qxd6 cxd6 24. Kxg2 Rxe1 25. Nxe1 Bf8 26. Kf3 f5 27. Nc2 Kf7 28. Ne3 b5 29. Rd2 bxc4 30. Nxc4 Ke6 31. Nb6 Rb8 32. Re2+ Kf7 33. Nd5 Rc8 34. Ke3 Rc5 35. Nb6 Bg7 36. Kd3 Rc3+ 37. Kd2 Rf3 38. Nc4 Bc3+ 39. Kd1 d5 40. Ne5+ Bxe5 41. Rxe5 Rf2 42. Re2 Rf1+ 43. Kc2 h6 44. Kc3 Kf6 45. Kd4 Rd1+ 46. Kc5 d4 47. Rb2 Ke6 48. b4 d3 49. Kb6 Kd5 50. Kxa6 Rc1 51. a4 Rc2 52. Rb1 d2 53. Rd1 Kc4 54. b5 Ra2 55. a5 Kb4 56. Rb1+ Kc5 57. b6 Rb2 58. Rd1 Kc6 59. h3 g5 60. fxg5 hxg5 61. h4 1-0

[Event "Titled Tuesday intern op 29th Dec"]
[Site "Chess.com INT"]
[Date "2020.12.29"]
[Round "5"]
[White "Bok, Benjamin"]
[Black "Karaokcu, Erkin"]
[Result "1-0"]
[WhiteElo "2624"]
[BlackElo "2316"]
[PlyCount "53"]
[EventDate "2020.12.29"]
[EventType "swiss (blitz)"]
[EventRounds "11"]
[EventCountry "USA"]
[SourceTitle "CBM 200 Extra"]
[Source "ChessBase"]
[SourceDate "2021.03.31"]
[SourceVersion "1"]
[SourceVersionDate "2021.03.31"]
[SourceQuality "1"]

1. d4 Nf6 2. c4 g6 3. Nc3 d5 4. cxd5 Nxd5 5. e4 Nxc3 6. bxc3 Bg7 7. Nf3 c5 8. Be3 Qa5 9. Qd2 0-0 10. Rc1 Rd8 11. d5 e6 12. Bg5 f6 13. Be3 f5 14. Bc4 b5 15. dxe6 bxc4 16. e7 Re8 17. Qd5+ Kh8 18. Qxa8 Bxc3+ 19. Kf1 Nd7 20. Qd5 Rxe7 21. exf5 Nf6 22. Qxc5 Rf7 23. Qxc8+ Kg7 24. Qxc4 Rc7 25. Qd3 Rd7 26. Qxc3 Rd1+ 27. Ke2 1-0

[Event "Titled Tuesday intern op 29th Dec"]
[Site "Chess.com INT"]
[Date "2020.12.29"]
[Round "9"]
[White "Garrido Outon, Alex"]
[Black "Karaokcu, Erkin"]
[Result "1-0"]
[WhiteElo "2375"]
[BlackElo "2316"]
[PlyCount "201"]
[EventDate "2020.12.29"]
[EventType "swiss (blitz)"]
[EventRounds "11"]
[EventCountry "USA"]
[SourceTitle "CBM 200 Extra"]
[Source "ChessBase"]
[SourceDate "2021.03.31"]
[SourceVersion "1"]
[SourceVersionDate "2021.03.31"]
[SourceQuality "1"]

1. e4 c5 2. Nf3 d6 3. Nc3 Nc6 4. d4 cxd4 5. Nxd4 g6 6. Be3 Bg7 7. f3 Nf6 8. Qd2 0-0 9. 0-0-0 d5 10. Nxc6 bxc6 11. Bh6 Qb6 12. Bxg7 Kxg7 13. exd5 cxd5 14. Nxd5 Nxd5 15. Qxd5 Be6 16. Qd4+ Kg8 17. Qxb6 axb6 18. a3 Rfc8 19. Bd3 Rc5 20. Kb1 b5 21. Rhe1 Kg7 22. Re4 Ra7 23. Rb4 Bc4 24. Bxc4 bxc4 25. c3 e5 26. Kc2 f5 27. Rb6 Re7 28. Rdd6 e4 29. fxe4 fxe4 30. Re6 Rf7 31. Rxe4 Rf2+ 32. Kb1 Rxg2 33. h4 Rf2 34. Re7+ Rf7 35. Rbb7 Rxe7 36. Rxe7+ Kh6 37. Kc2 g5 38. hxg5+ Rxg5 39. Rc7 Rg4 40. a4 Kg6 41. a5 Rg5 42. a6 Ra5 43. a7 h5 44. Kd2 h4 45. Ke3 h3 46. Kf3 Kf6 47. Kg3 Ke6 48. Kxh3 Kd6 49. Rh7 Kc6 50. Kg4 Kb6 51. Kf4 Ra2 52. Ke4 Ra4 53. Kd4 Kc6 54. a8Q+ Rxa8 55. Kxc4 Ra2 56. Rh6+ Kb7 57. b4 Rg2 58. Kb3 Rg3 59. Kc4 Rg4+ 60. Kb5 Rg5+ 61. Ka4 Rg4 62. Rh5 Kb6 63. Rc5 Rg1 64. Kb3 Rb1+ 65. Kc4 Rg1 66. Rh5 Rg4+ 67. Kb3 Rg3 68. Rh6+ Kb5 69. Rh5+ Kb6 70. Rc5 Rg1 71. c4 Rb1+ 72. Kc3 Rc1+ 73. Kd4 Rb1 74. Rb5+ Kc6 75. Rb8 Rd1+ 76. Kc3 Rc1+ 77. Kb3 Kc7 78. Rb5 Kc6 79. Rh5 Rb1+ 80. Kc3 Rc1+ 81. Kd3 Rd1+ 82. Kc2 Rg1 83. Rh6+ Kc7 84. Kb3 Rb1+ 85. Ka4 Kb7 86. Kb5 Rg1 87. c5 Kc8 88. Rh7 Rg4 89. Kc6 Kb8 90. b5 Rg6+ 91. Kd5 Rg5+ 92. Kc4 Rg4+ 93. Kb3 Rd4 94. c6 Rd6 95. Kb4 Rg6 96. Ka5 Ka8 97. Kb6 Rg8 98. Ra7+ Kb8 99. c7+ Kc8 100. Ra8+ Kd7 101. Rxg8 1-0

[Event "Titled Tuesday intern op 29th Dec"]
[Site "Chess.com INT"]
[Date "2020.12.29"]
[Round "3"]
[White "Karaokcu, Erkin"]
[Black "Siva, Mahadevan"]
[Result "1-0"]
[WhiteElo "2316"]
[BlackElo "2349"]
[PlyCount "43"]
[EventDate "2020.12.29"]
[EventType "swiss (blitz)"]
[EventRounds "11"]
[EventCountry "USA"]
[SourceTitle "CBM 200 Extra"]
[Source "ChessBase"]
[SourceDate "2021.03.31"]
[SourceVersion "1"]
[SourceVersionDate "2021.03.31"]
[SourceQuality "1"]

1. d4 Nf6 2. c4 g6 3. Nf3 Bg7 4. g3 0-0 5. Bg2 d6 6. Nc3 Nbd7 7. 0-0 e5 8. e4 exd4 9. Nxd4 Re8 10. h3 a6 11. Be3 Rb8 12. Qc2 c5 13. Nde2 b5 14. Rad1 Qe7 15. cxb5 axb5 16. Nf4 Bb7 17. Nfd5 Nxd5 18. Nxd5 Bxd5 19. exd5 b4 20. Rfe1 Qf6 21. Bc1 h5 22. h4 1-0

[Event "Titled Tuesday intern op 15st Dec"]
[Site "Chess.com INT"]
[Date "2020.12.15"]
[Round "7"]
[White "Karaokcu, Erkin"]
[Black "Storme, Isak"]
[Result "0-1"]
[WhiteElo "2316"]
[BlackElo "2392"]
[PlyCount "92"]
[EventDate "2020.12.15"]
[EventType "swiss (blitz)"]
[EventRounds "11"]
[EventCountry "USA"]
[SourceTitle "CBM 199 Extra"]
[Source "ChessBase"]
[SourceDate "2021.01.31"]
[SourceVersion "1"]
[SourceVersionDate "2021.01.31"]
[SourceQuality "1"]

1. d4 Nf6 2. c4 g6 3. Nf3 Bg7 4. g3 c6 5. Bg2 d5 6. cxd5 cxd5 7. Nc3 Ne4 8. Ne5 Nxc3 9. bxc3 Nc6 10. Nxc6 bxc6 11. e4 0-0 12. 0-0 e6 13. Ba3 Re8 14. Qa4 Qb6 15. Rab1 Qa6 16. Qxa6 Bxa6 17. Rfd1 Bc4 18. Rd2 a5 19. Bc5 a4 20. e5 a3 21. Bf1 Bxf1 22. Kxf1 Bf8 23. Bxf8 Kxf8 24. Rb6 Reb8 25. Rxc6 Rb2 26. Ke2 Rab8 27. c4 Rxd2+ 28. Kxd2 Rb2+ 29. Ke3 dxc4 30. Rxc4 Rxa2 31. Ra4 h6 32. h4 Kg7 33. f3 g5 34. hxg5 hxg5 35. g4 Ra1 36. Kf2 Kf8 37. Ra8+ Ke7 38. Ra7+ Ke8 39. Ra8+ Kd7 40. Ra7+ Kc6 41. Rxf7 a2 42. Ra7 Rh1 43. f4 gxf4 44. Kf3 a1Q 45. Rxa1 Rxa1 46. Kxf4 Kd5 0-1

[Event "Titled Tuesday intern op 15st Dec"]
[Site "Chess.com INT"]
[Date "2020.12.15"]
[Round "5"]
[White "Ozer, Omer Faruk"]
[Black "Karaokcu, Erkin"]
[Result "1-0"]
[WhiteElo "2317"]
[BlackElo "2316"]
[PlyCount "73"]
[EventDate "2020.12.15"]
[EventType "swiss (blitz)"]
[EventRounds "11"]
[EventCountry "USA"]
[SourceTitle "CBM 199 Extra"]
[Source "ChessBase"]
[SourceDate "2021.01.31"]
[SourceVersion "1"]
[SourceVersionDate "2021.01.31"]
[SourceQuality "1"]

1. e4 c5 2. Nf3 Nc6 3. Nc3 g6 4. Bb5 Bg7 5. 0-0 Nd4 6. h3 e6 7. Nxd4 cxd4 8. Ne2 Ne7 9. c3 dxc3 10. dxc3 a6 11. Ba4 b5 12. Bc2 d5 13. exd5 Nxd5 14. Nf4 Bb7 15. Be4 0-0 16. Qf3 Rc8 17. Rd1 Re8 18. Be3 b4 19. cxb4 Bxb2 20. Rab1 Be5 21. Nxd5 exd5 22. Bxd5 Bxd5 23. Rxd5 Qh4 24. Rd7 Re7 25. g3 Qf6 26. Qxf6 Bxf6 27. Rxe7 Bxe7 28. a4 Rb8 29. b5 axb5 30. axb5 Rb7 31. Kf1 Kf8 32. Ke2 Ke8 33. Kd3 Kd7 34. Kc4 Ke6 35. b6 Kd6 36. Kb5 Rb8 37. Bf4+ 1-0

[Event "Titled Tuesday intern op 24th Nov"]
[Site "Chess.com INT"]
[Date "2020.11.24"]
[Round "9"]
[White "Abdurakhmanov, Mukhmmadali"]
[Black "Karaokcu, Erkin"]
[Result "0-1"]
[WhiteElo "2284"]
[BlackElo "2316"]
[PlyCount "76"]
[EventDate "2020.11.24"]
[EventType "swiss (blitz)"]
[EventRounds "11"]
[EventCountry "USA"]
[SourceTitle "CBM 199 Extra"]
[Source "ChessBase"]
[SourceDate "2021.01.31"]
[SourceVersion "1"]
[SourceVersionDate "2021.01.31"]
[SourceQuality "1"]

1. e4 c5 2. Nc3 Nc6 3. Nge2 g6 4. d4 cxd4 5. Nxd4 Bg7 6. Be3 d6 7. f3 Nf6 8. Bc4 0-0 9. Bb3 Bd7 10. h4 Qa5 11. Qd2 Rfc8 12. 0-0-0 Ne5 13. h5 Nxh5 14. g4 Nf6 15. Bh6 Bxh6 16. Qxh6 Rxc3 17. bxc3 Qxc3 18. Kb1 b5 19. Qd2 Qc5 20. g5 Nh5 21. Nf5 Bxf5 22. exf5 Nc4 23. Qd5 Qxd5 24. Rxd5 Ng3 25. Rh3 Nxf5 26. Bxc4 bxc4 27. f4 Rb8+ 28. Kc1 Rb4 29. Ra3 c3 30. Rxc3 Rxf4 31. Ra5 h5 32. gxh6 Kh7 33. Rxa7 g5 34. Rcc7 g4 35. Rc8 g3 36. Raa8 Nxh6 37. Rh8+ Kg7 38. Ra3 Rg4 0-1

[Event "Titled Tuesday intern op 5th May"]
[Site "Chess.com INT"]
[Date "2020.05.05"]
[Round "10"]
[White "Karaokcu, Erkin"]
[Black "Rakshitta, Ravi"]
[Result "1-0"]
[WhiteElo "2316"]
[BlackElo "2190"]
[PlyCount "67"]
[EventDate "2020.05.05"]
[EventType "swiss (blitz)"]
[EventRounds "10"]
[EventCountry "USA"]
[SourceTitle "CBM 196 Extra"]
[Source "ChessBase"]
[SourceDate "2020.07.31"]
[SourceVersion "1"]
[SourceVersionDate "2020.07.31"]
[SourceQuality "1"]

1. d4 Nf6 2. Bg5 e6 3. e4 h6 4. Bxf6 Qxf6 5. c3 d5 6. Qe2 Qd8 7. Nd2 Be7 8. 0-0-0 a6 9. Ngf3 b5 10. Kb1 Nc6 11. exd5 Qxd5 12. g3 b4 13. c4 Qf5+ 14. Ka1 Bb7 15. Bg2 Qf6 16. Ne5 Nxd4 17. Bxb7 Nxe2 18. Bc6+ Kf8 19. Nd7+ Kg8 20. Nxf6+ gxf6 21. Bxa8 Kg7 22. Be4 Nd4 23. Nb3 Nxb3+ 24. axb3 a5 25. Bc6 Rb8 26. Rd7 Bd6 27. Rd1 f5 28. f4 Kf6 29. c5 Bf8 30. Rxc7 Bxc5 31. Rdd7 a4 32. Rxf7+ Kg6 33. Rg7+ Kh5 34. Bf3# 1-0

[Event "Titled Tuesday intern op 5th May"]
[Site "Chess.com INT"]
[Date "2020.05.05"]
[Round "7"]
[White "Shafigullina, Zarina"]
[Black "Karaokcu, Erkin"]
[Result "0-1"]
[WhiteElo "2296"]
[BlackElo "2316"]
[PlyCount "118"]
[EventDate "2020.05.05"]
[EventType "swiss (blitz)"]
[EventRounds "10"]
[EventCountry "USA"]
[SourceTitle "CBM 196 Extra"]
[Source "ChessBase"]
[SourceDate "2020.07.31"]
[SourceVersion "1"]
[SourceVersionDate "2020.07.31"]
[SourceQuality "1"]

1. d4 Nf6 2. Nf3 d5 3. g3 c5 4. Bg2 cxd4 5. 0-0 g6 6. Nxd4 Bg7 7. c4 dxc4 8. Qa4+ Nbd7 9. Rd1 0-0 10. Qxc4 Nb6 11. Qc2 Qe8 12. Nc3 a6 13. a4 e5 14. Nb3 Bf5 15. e4 Bg4 16. f3 Be6 17. Nc5 Rc8 18. Nxe6 Qxe6 19. a5 Nc4 20. Qb3 Rfd8 21. Rxd8+ Rxd8 22. Bf1 Rc8 23. Qxb7 Bf8 24. Bg5 Ne8 25. Nd5 f6 26. Nxf6+ Nxf6 27. Bxf6 Nd6 28. Qd5 Qxd5 29. exd5 e4 30. Bxa6 Ra8 31. Bf1 exf3 32. Kf2 Ne4+ 33. Kxf3 Nxf6 34. Bc4 Kg7 35. b3 Bc5 36. a6 Nd7 37. Re1 Kf8 38. Re6 Bd4 39. Ke4 Bg1 40. Rd6 Nc5+ 41. Kf3 Bxh2 42. Rc6 Bg1 43. b4 Na4 44. b5 Nb6 45. Bb3 Bd4 46. d6 Ke8 47. Rc7 Kd8 48. Rxh7 Nd7 49. Rh6 Rb8 50. Bc4 Rb6 51. Ke4 Rxd6 52. Rh7 Nc5+ 53. Kf3 Nd7 54. Rf7 Ba7 55. Rh7 Kc7 56. Be2 Kd8 57. Bc4 Ne5+ 58. Ke4 Nxc4 59. Rxa7 Rb6 0-1

[Event "Titled Tuesday intern op 5th May"]
[Site "Chess.com INT"]
[Date "2020.05.05"]
[Round "4"]
[White "Vokhidov, Shamsiddin"]
[Black "Karaokcu, Erkin"]
[Result "1-0"]
[WhiteElo "2512"]
[BlackElo "2316"]
[PlyCount "65"]
[EventDate "2020.05.05"]
[EventType "swiss (blitz)"]
[EventRounds "10"]
[EventCountry "USA"]
[SourceTitle "EXT 2021"]
[Source "ChessBase"]
[SourceDate "2020.10.23"]
[SourceVersion "1"]
[SourceVersionDate "2020.10.23"]
[SourceQuality "1"]

1. e4 c5 2. Nf3 d6 3. c3 Nf6 4. Bd3 Bg4 5. Bc2 Nc6 6. h3 Bh5 7. d3 e6 8. Bf4 Be7 9. Nbd2 d5 10. Qe2 0-0 11. g4 Bg6 12. h4 dxe4 13. dxe4 h5 14. gxh5 Bxh5 15. Rg1 e5 16. Bg5 Qb6 17. 0-0-0 Rad8 18. Kb1 Rd7 19. Nc4 Qc7 20. Ne3 Rfd8 21. Rxd7 Qxd7 22. Nf5 g6 23. Qe3 Ng4 24. Nxe7+ Nxe7 25. Qxc5 f6 26. Bc1 b6 27. Qc4+ Kh7 28. Qf7+ Kh8 29. Rxg4 Bxg4 30. Qxf6+ Kh7 31. Ng5+ Kg8 32. Qf7+ Kh8 33. Qh7# 1-0

[Event "TUR-chT 2nd League"]
[Site "Konya"]
[Date "2019.07.22"]
[Round "1.11"]
[White "Komut, Kaan"]
[Black "Karaokcu, Erkin"]
[Result "0-1"]
[WhiteElo "1912"]
[BlackElo "2256"]
[PlyCount "80"]
[EventDate "2019.07.22"]
[EventType "team-swiss"]
[EventRounds "9"]
[EventCountry "TUR"]
[SourceTitle "CBM 191 Extra"]
[Source "ChessBase"]
[SourceDate "2019.09.30"]
[SourceVersion "1"]
[SourceVersionDate "2019.09.30"]
[SourceQuality "1"]
[WhiteTeam "Pamukkale Yonetimi"]
[BlackTeam "Denizli Ihtisas"]
[WhiteTeamCountry "TUR"]
[BlackTeamCountry "TUR"]

1. e4 d6 2. Bc4 Nf6 3. Nc3 g6 4. d4 Nc6 5. h3 Bg7 6. Nf3 0-0 7. 0-0 Nxe4 8. Bxf7+ Rxf7 9. Nxe4 d5 10. Ng3 Qd6 11. c3 e5 12. Be3 e4 13. Nd2 Bd7 14. b4 Ne7 15. a4 Nf5 16. Nxf5 gxf5 17. f4 Kh8 18. Kh2 Rg8 19. Rg1 Bh6 20. g3 Bf8 21. b5 Rf6 22. c4 c6 23. c5 Qc7 24. Qb3 Qd8 25. a5 Qe8 26. a6 bxa6 27. Rxa6 Rh6 28. Qd1 cxb5 29. Rxa7 Qe6 30. Qe2 Be8 31. Rga1 Be7 32. Rb7 Bh5 33. Qf2 Bg4 34. h4 Bxh4 35. gxh4 Qf6 36. Qg3 Rxh4+ 37. Kg1 Rh3 38. Qg2 Rxe3 39. Raa7 Rh3 40. Nf1 Qxd4+ 0-1

[Event "Novi Sad TS IM 117th"]
[Site "Novi Sad"]
[Date "2019.07.11"]
[Round "9"]
[White "Karaokcu, Erkin"]
[Black "Anu, Bayar"]
[Result "1-0"]
[WhiteElo "2256"]
[BlackElo "2100"]
[PlyCount "51"]
[EventDate "2019.07.06"]
[EventType "tourn"]
[EventRounds "9"]
[EventCountry "SRB"]
[SourceTitle "EXT 2020"]
[Source "ChessBase"]
[SourceDate "2019.10.17"]
[SourceVersion "1"]
[SourceVersionDate "2019.10.17"]
[SourceQuality "1"]

1. d4 Nf6 2. c4 c5 3. d5 e6 4. Nc3 exd5 5. cxd5 g6 6. e4 d6 7. f4 Bg7 8. Bb5+ Nfd7 9. Nf3 a6 10. Bd3 b5 11. 0-0 0-0 12. a3 Nb6 13. f5 N8d7 14. Bg5 Bf6 15. h4 Re8 16. Kh1 Ne5 17. Nxe5 Rxe5 18. fxg6 Bxg5 19. gxf7+ Kf8 20. Qh5 Bb7 21. Qxh7 Nd7 22. Qg8+ Ke7 23. f8Q+ Qxf8 24. Qh7+ Ke8 25. Rxf8+ Kxf8 26. hxg5 1-0

[Event "Novi Sad TS IM 117th"]
[Site "Novi Sad"]
[Date "2019.07.08"]
[Round "4"]
[White "Sredojevic, Ivan"]
[Black "Karaokcu, Erkin"]
[Result "0-1"]
[WhiteElo "2253"]
[BlackElo "2256"]
[PlyCount "58"]
[EventDate "2019.07.06"]
[EventType "tourn"]
[EventRounds "9"]
[EventCountry "SRB"]
[SourceTitle "EXT 2020"]
[Source "ChessBase"]
[SourceDate "2019.10.17"]
[SourceVersion "1"]
[SourceVersionDate "2019.10.17"]
[SourceQuality "1"]

1. d4 Nf6 2. c4 g6 3. Nc3 d5 4. cxd5 Nxd5 5. e4 Nxc3 6. bxc3 Bg7 7. Nf3 c5 8. Be3 Qa5 9. Qd2 0-0 10. h4 Nc6 11. Rc1 cxd4 12. cxd4 Qxd2+ 13. Kxd2 Rd8 14. Bd3 Nxd4 15. Nxd4 Bxd4 16. Bxd4 Rxd4 17. Rc7 Be6 18. Ke3 Rad8 19. Be2 Ra4 20. Rxb7 Ra3+ 21. Kf4 Rxa2 22. Re1 Rdd2 23. Ke3 Kf8 24. Rb8+ Kg7 25. Rb7 Rd7 26. Reb1 Ra3+ 27. Kf4 Ra4 28. Rxd7 Bxd7 29. Rb7 Rxe4+ 0-1

[Event "Lvov Cup IM"]
[Site "Lvov"]
[Date "2018.08.26"]
[Round "9"]
[White "Karaokcu, Erkin"]
[Black "Medvedyk, Volodymyr"]
[Result "0-1"]
[WhiteElo "2250"]
[BlackElo "2159"]
[PlyCount "140"]
[EventDate "2018.08.21"]
[EventType "tourn"]
[EventRounds "9"]
[EventCountry "UKR"]
[SourceTitle "CBM 186 Extra"]
[Source "ChessBase"]
[SourceDate "2018.08.24"]
[SourceVersion "1"]
[SourceVersionDate "2018.08.24"]
[SourceQuality "1"]

1. e4 e5 2. Nf3 Nc6 3. Bb5 a6 4. Ba4 b5 5. Bb3 g6 6. a4 b4 7. 0-0 Bg7 8. a5 Nge7 9. d3 0-0 10. Nbd2 h6 11. Nc4 Kh7 12. c3 f5 13. exf5 Nxf5 14. Ba4 Nh4 15. Nxh4 Qxh4 16. Bxc6 dxc6 17. cxb4 e4 18. dxe4 Qxe4 19. Ne3 Be5 20. Ra4 Qf4 21. g3 Qf7 22. f4 Bh3 23. fxe5 Bxf1 24. Qxf1 Qe6 25. Qe2 Qxe5 26. Ra3 Rad8 27. Rd3 Qb5 28. Rd2 Qxb4 29. Rc2 Qxa5 30. Ng4 Qb6+ 31. Be3 Qb3 32. Bxh6 Rfe8 33. Be3 Qe6 34. Rc3 Rd5 35. Qf3 Kh8 36. Qf6+ Qxf6 37. Nxf6 Rd1+ 38. Kg2 Re6 39. Ng4 Kg8 40. Bf4 Rb1 41. Rc2 Re7 42. h4 a5 43. Rxc6 Rxb2+ 44. Kh3 Rb6 45. Rc1 Rb7 46. Ne5 a4 47. Ra1 Rb5 48. Nc6 Re4 49. Kg4 Rc5 50. Nb8 Rd4 51. Na6 Rc6 52. Nb8 Rb6 53. Kg5 Rxb8 54. Kxg6 Rb6+ 55. Kf5 Rb5+ 56. Ke6 c6 57. h5 Rxh5 58. Rb1 Rb5 59. Rc1 c5 60. Be5 Rb6+ 61. Kf5 Rd3 62. Rxc5 Ra6 63. g4 a3 64. g5 Rf3+ 65. Ke4 Rf1 66. g6 Re1+ 67. Kf5 Rxe5+ 68. Rxe5 a2 69. Re8+ Kg7 70. Re7+ Kf8 0-1

[Event "Lvov Cup IM"]
[Site "Lvov"]
[Date "2018.08.25"]
[Round "7"]
[White "Karaokcu, Erkin"]
[Black "Al Saleh, Mohammad"]
[Result "1-0"]
[WhiteElo "2250"]
[BlackElo "2012"]
[PlyCount "41"]
[EventDate "2018.08.21"]
[EventType "tourn"]
[EventRounds "9"]
[EventCountry "UKR"]
[SourceTitle "CBM 186 Extra"]
[Source "ChessBase"]
[SourceDate "2018.08.24"]
[SourceVersion "1"]
[SourceVersionDate "2018.08.24"]
[SourceQuality "1"]

1. d4 Nf6 2. Bg5 e6 3. e4 h6 4. Bxf6 Qxf6 5. Nc3 d6 6. Qd2 g6 7. 0-0-0 Bg7 8. f4 0-0 9. Nf3 Qe7 10. h4 h5 11. e5 d5 12. Bd3 Bd7 13. Rdg1 c5 14. g4 hxg4 15. Rxg4 cxd4 16. Ne2 Na6 17. h5 Nc5 18. hxg6 f6 19. Nexd4 Ne4 20. Qh2 Rfc8 21. Rh4 1-0

[Event "Lvov Cup IM"]
[Site "Lvov"]
[Date "2018.08.24"]
[Round "6"]
[White "Lornye, Pylyp"]
[Black "Karaokcu, Erkin"]
[Result "1-0"]
[WhiteElo "2290"]
[BlackElo "2250"]
[PlyCount "91"]
[EventDate "2018.08.21"]
[EventType "tourn"]
[EventRounds "9"]
[EventCountry "UKR"]
[SourceTitle "CBM 186 Extra"]
[Source "ChessBase"]
[SourceDate "2018.08.24"]
[SourceVersion "1"]
[SourceVersionDate "2018.08.24"]
[SourceQuality "1"]

1. a3 g6 2. e4 Bg7 3. Nc3 c5 4. Nf3 Nc6 5. Bc4 e6 6. 0-0 Nge7 7. Re1 0-0 8. e5 Qc7 9. Nb5 Qb8 10. d4 Nxd4 11. Nbxd4 cxd4 12. Qxd4 Nf5 13. Qd1 b5 14. Bd3 Bb7 15. Bxf5 exf5 16. Bf4 Qc7 17. c3 Rae8 18. e6 Qxf4 19. e7 Qc7 20. exf8Q+ Rxf8 21. Qd3 a6 22. Re7 Bc6 23. Rae1 Qd8 24. Qd6 Qa8 25. Ng5 Bxg2 26. Qxd7 Bc6 27. Qc7 Bd5 28. Qd7 Bc6 29. Qc7 Bd5 30. Qd7 Bc6 31. Qa7 Qd8 32. Qc5 Qc8 33. Qd6 Qa8 34. Nxf7 Bh1 35. Qg3 Bd5 36. Ng5 Bf6 37. Nxh7 Bxe7 38. Rxe7 Bf7 39. Nxf8 Kxf8 40. Qd6 Kg8 41. Re3 Qc8 42. Qd4 f4 43. Qxf4 Qd7 44. Qd4 Qf5 45. Qd3 Qf4 46. Qd8+ 1-0

[Event "TUR-chT 1st League"]
[Site "Konya"]
[Date "2018.07.22"]
[Round "9.2"]
[White "Ozdover, Mustafa Berkay"]
[Black "Karaokcu, Erkin"]
[Result "1-0"]
[WhiteElo "2099"]
[BlackElo "2257"]
[PlyCount "147"]
[EventDate "2018.07.16"]
[EventType "team-swiss"]
[EventRounds "9"]
[EventCountry "TUR"]
[SourceTitle "EXT 2019"]
[Source "ChessBase"]
[SourceDate "2018.10.10"]
[SourceVersion "1"]
[SourceVersionDate "2018.10.10"]
[SourceQuality "1"]
[WhiteTeam "Ankara Dernegi"]
[BlackTeam "Ordu Buyuksehir Belediye"]
[WhiteTeamCountry "TUR"]
[BlackTeamCountry "TUR"]

1. Nf3 c5 2. c4 g6 3. g3 Bg7 4. Bg2 Nc6 5. Nc3 Nh6 6. 0-0 0-0 7. e3 Nf5 8. a3 e6 9. b4 d6 10. Rb1 Bd7 11. Qc2 b6 12. d3 Rc8 13. Bd2 Qe7 14. b5 Nb8 15. a4 Rfd8 16. a5 Be8 17. Qa2 Qc7 18. Rfc1 Rd7 19. Ne1 Qd8 20. Nc2 h5 21. Be1 h4 22. Rd1 hxg3 23. hxg3 Rdc7 24. Rb3 Nd7 25. Ne2 Nf6 26. e4 Ne7 27. Ne3 d5 28. cxd5 exd5 29. Rbb1 Bd7 30. exd5 Bf5 31. Qc4 Qd6 32. g4 Bd7 33. Ng3 Bh6 34. Ne4 Nxe4 35. dxe4 Bf4 36. Bc3 f6 37. Re1 Be5 38. axb6 axb6 39. Ra1 Bxc3 40. Qxc3 c4 41. g5 Re8 42. gxf6 Nc8 43. Nxc4 Qf4 44. Qd4 Bxb5 45. Ne3 Rf7 46. Rab1 Rxf6 47. Rb2 Bd7 48. Nc2 Re5 49. Qe3 g5 50. Nd4 Kg7 51. Nf3 Qxe3 52. Rxe3 Rxf3 53. Bxf3 Kf6 54. Reb3 Re7 55. Rxb6+ Nxb6 56. Rxb6+ Ke5 57. Rb7 Kd6 58. Bg2 Re5 59. Kh2 Ba4 60. Rg7 Bc2 61. f3 Bd1 62. Kg3 Be2 63. Kf2 Bc4 64. Bf1 Bb3 65. Bh3 Bc4 66. Bf5 Rxf5 67. exf5 Bxd5 68. Rxg5 Kd7 69. Ke3 Ke8 70. Rg7 Kf8 71. Ra7 Bc4 72. Kd4 Be2 73. f4 Bd1 74. Ke5 1-0